Nagy tűz Várjeszenón
Správa o veľkom požiari v obce Jasenov 25. 06. 1911. Vyhorelo 34 obytných domov a množstvo hospodárskych budov. Otáznikom zostalo prečo hasiči z Humenného nedošli.
| Médium: | Článok |
|---|---|
| Jazyk: | Hungarian |
| Témy: | |
| Zdroj: |
1. Homonna és Vidéke : Vegyes tartalmu közmüvelődési, szépirodalmi és közgazdasági hetilap 1. Roč. 11, č. 28 (16.07.1911) s. 2 |
| LEADER | 00966nab#a2200301#ar4500 | ||
|---|---|---|---|
| 001 | 000071004 | ||
| 003 | SVKKK | ||
| 005 | 20010108xxxxxxx. | ||
| 008 | 06 c xo huno | ||
| FMT | |||
| 038 | |a SVKKK | ||
| 040 | |a SVKKK |b slo |e AACR2 | ||
| 041 | 0 | |a hun | |
| 044 | |a xo |c SK | ||
| 080 | |a 614.84 | ||
| 242 | 1 | 0 | |a Veľký požiar v Jasenove |
| 245 | 0 | 0 | |a Nagy tűz Várjeszenón |
| 500 | |a mikrofilm | ||
| 520 | 2 | |a Správa o veľkom požiari v obce Jasenov 25. 06. 1911. Vyhorelo 34 obytných domov a množstvo hospodárskych budov. Otáznikom zostalo prečo hasiči z Humenného nedošli. | |
| 650 | 0 | 4 | |a požiare - domy obytné (34) - Jasenov (HN) - 25.06.1911 - správy |
| 773 | 0 | |t Homonna és Vidéke : Vegyes tartalmu közmüvelődési, szépirodalmi és közgazdasági hetilap |g Roč. 11, č. 28 (16.07.1911) s. 2 | |
| 957 | |a Jasenov | ||
| 958 | |a DG | ||
| 958 | |a SK | ||
| 974 | |a Ba |d 20010108 | ||
| 992 | |a RBX | ||
| BAS | |||
| 998 | |a RETRO | ||